Cracking the GRE with 6 Practice Tests & DVD, 2014 Edition (Record no. 554063)

000 -LEADER
fixed length control field 00507nam a22001577a 4500
020 ## - INTERNATIONAL STANDARD BOOK NUMBER
International Standard Book Number 978-0307945648
082 ## - DEWEY DECIMAL CLASSIFICATION NUMBER
Classification number 378.1662
Author Mark GRE
-- Donation
110 ## - MAIN ENTRY--CORPORATE NAME
Corporate name or jurisdiction name as entry element Princeton Review
9 (RLIN) 51361
245 ## - TITLE STATEMENT
Title Cracking the GRE with 6 Practice Tests & DVD, 2014 Edition
Statement of responsibility, etc. Princeton Review
250 ## - EDITION STATEMENT
Edition statement 2014
260 ## - PUBLICATION, DISTRIBUTION, ETC.
Place of publication, distribution, etc. New York.
Name of publisher, distributor, etc. Princeton Review
Date of publication, distribution, etc. 2014.
300 ## - PHYSICAL DESCRIPTION
Extent 549 p.:
Dimensions 8.3 x 1.3 x 10.8 inches
500 ## - GENERAL NOTE
General note Graduate School Test Preparation
526 ## - STUDY PROGRAM INFORMATION NOTE
Program name 0
Interest level 0
Reading level 0
Title point value 378_166200000000000_GRE
942 ## - ADDED ENTRY ELEMENTS (KOHA)
Source of classification or shelving scheme
Koha item type Book
Holdings
Withdrawn status Lost status Source of classification or shelving scheme Damaged status Not for loan Permanent Location Current Location Date acquired Total Checkouts Total Renewals Full call number Barcode Date last seen Date last checked out Price effective from Koha item type
          Military College of Engineering (MCE) Military College of Engineering (MCE) 04/05/2018 2 1 378.1662 GRE MCE-50665 10/20/2020 10/20/2020 04/05/2018 Book
© 2023 Central Library, National University of Sciences and Technology. All Rights Reserved.